书目信息 |
| 题名: |
包容的智慧
|
|
| 作者: | 星云大师 , 刘长乐 著 | |
| 分册: | ||
| 出版信息: | 武汉 湖北人民出版社 2007.12 |
|
| 页数: | 173页, [1] 叶图版 | |
| 开本: | 23cm | |
| 丛书名: | ||
| 单 册: | ||
| 中图分类: | B821 | |
| 科图分类: | ||
| 主题词: | 人生哲学--ren sheng zhe xue | |
| 电子资源: | ||
| ISBN: | 978-7-216-05336-5 | |
| 000 | 00817nam0 2200241 450 | |
| 001 | 012008949866 | |
| 005 | 20080616100011.05 | |
| 010 | @a978-7-216-05336-5@b精装@dCNY28.00 | |
| 100 | @a20080616d2007 em y0chiy0120 ea | |
| 101 | 0 | @achi |
| 102 | @aCN@b420000 | |
| 105 | @aaf z 000yy | |
| 106 | @ar | |
| 200 | 1 | @a包容的智慧@Abao rong de zhi hui@f星云大师, 刘长乐著@Fxing yun da shi,liu chang yue zhu |
| 210 | @a武汉@c湖北人民出版社@d2007.12 | |
| 215 | @a173页, [1] 叶图版@c图@d23cm | |
| 330 | @a本书内容包括:柏林墙是被音乐电视摧毁的吗?;醍醐灌顶“一句话”;规律藏在“爱和良知”的镜子里等。 | |
| 606 | 0 | @a人生哲学@Aren sheng zhe xue |
| 690 | @aB821@v4 | |
| 701 | 0 | @a星云大师@Axing yun da shi@4著 |
| 701 | 0 | @a刘长乐@Aliu chang yue@4著 |
| 801 | 0 | @aCN@bQSSK@c20080616 |
| 905 | @b727158-60@dB821@eX601@f3 | |
| 包容的智慧/星云大师, 刘长乐著.-武汉:湖北人民出版社,2007.12 |
| 173页, [1] 叶图版:图;23cm |
| ISBN 978-7-216-05336-5(精装):CNY28.00 |
| 本书内容包括:柏林墙是被音乐电视摧毁的吗?;醍醐灌顶“一句话”;规律藏在“爱和良知”的镜子里等。 |
| ● |
| 相关链接 |
|
|
|
正题名:包容的智慧
索取号:B821/X601
 
预约/预借
| 序号 | 登录号 | 条形码 | 馆藏地/架位号 | 状态 | 备注 |
| 1 | 727158 | 207271584 | 社科库509/509社科库 23排3列3层/ [索取号:B821/X601] | 在馆 | |
| 2 | 727159 | 207271593 | 社科库509/509社科库 23排3列3层/ [索取号:B821/X601] | 在馆 | |
| 3 | 727160 | 207271600 | 社科库509/509社科库 23排3列3层/ [索取号:B821/X601] | 在馆 |